• 首页
  • 本馆介绍
  • 公告通知
  • 最新文献
  • 馆藏检索
  • 电子资源
  • 读者导购
  • 参考咨询
  • 我的图书馆
  • 登录
  • 详细信息显示
  • 放入我的书架
  • 预约/预借图书
  • 作者相关作品
  • 分类相关作品
  • 丛书相关作品
  • 出版社相关作品

书目信息

  • 表格格式
  • 工作单格式
  • 卡片格式
题名:
家庭护理
    
 
作者: 王瑛 主编
分册:  
出版信息: 北京   人民卫生出版社  1984
页数: 466页
开本: 19cm
丛书名:
单 册:
中图分类: R473.2 , R47
科图分类:
主题词: 常见病-护理学--基本知识 , 护理学-常见病--基本知识 , 护理学
电子资源:
ISBN:
000 00667nam0 2200265 45
001 0184008182
005 20040524101454.2
010    @dCNY1.30
091    @a14048.4698
100    @a19960215d1984 em y0chiy0121 ea
101 0  @achi
102    @aCN@b110000
105    @ay z 000yy
106    @ar
200 10 @a家庭护理@Ajia ting hu li@f王瑛主编
210    @a北京@c人民卫生出版社@d1984
215    @a466页@d19cm
606    @a常见病-护理学@x基本知识
606    @a护理学-常见病@x基本知识
606 0  @a护理学
690    @aR473.2@v3
690    @aR47
701  0 @a王瑛@Awang xiu ying@4主编
801  0 @aCN@bNLC@c20040524
905    @f2@b111680-681@dR47@e11
    
    家庭护理/王瑛主编.-北京:人民卫生出版社,1984
    466页;19cm
    
    
    ISBN :CNY1.30
    
●
相关链接 在E读中查询图书 在五车中查询图书 在当当中查询图书 在豆瓣中查询图书


正题名:家庭护理     索取号:R47/11         预约/预借

序号 登录号 条形码 馆藏地/架位号 状态 备注
1 0111680   000714454   第三借阅区/ [索取号:R47/11] 在馆    
2 0111681   000714463   第三借阅区/ [索取号:R47/11] 在馆    
3 0111682   000714481   第二样本阅览室/ [索取号:R47/11] 在馆    
唐山师范学院图书馆 欢迎您!
大连网信软件有限公司© 版权所有